| 000 | 00607nam a2200205Ia 4500 | ||
|---|---|---|---|
| 008 | 170504s9999 xx 000 0 und d | ||
| 050 | _aT 58.6 | ||
| 050 | _b.C261 2016 | ||
| 100 | _aCarandang, Raphael L. | ||
| 245 | _aSolano hills online condominium payment & unit availability tracking system / | ||
| 245 | _cRaphael L. Carandang. | ||
| 260 | _aLas PiƱas, Philippines : | ||
| 260 | _bSISC, | ||
| 260 | _c2016. | ||
| 300 | _a103 pages : | ||
| 300 | _billustrations ; | ||
| 300 | _c28 cm. | ||
| 500 | _aIncludes bibliographical references and appendices. | ||
| 521 | _aInformation Technology | ||
| 999 |
_c329733 _d329733 |
||